Modern Systems Analysis and Design (Record no. 3825)

MARC details
000 -LEADER
fixed length control field 00679nam a2200229 a 4500
003 - CONTROL NUMBER IDENTIFIER
control field PK-NaQUE
005 - DATE AND TIME OF LATEST TRANSACTION
control field 20250325122457.0
008 - FIXED-LENGTH DATA ELEMENTS--GENERAL INFORMATION
fixed length control field 241125b ||||| |||| 00| 0 eng d
020 ## - INTERNATIONAL STANDARD BOOK NUMBER
International Standard Book Number 0805324992(hardcover)
020 ## - INTERNATIONAL STANDARD BOOK NUMBER
International Standard Book Number 9780805324990 (hardcover)
040 ## - CATALOGING SOURCE
Transcribing agency QUEST
082 ## - DEWEY DECIMAL CLASSIFICATION NUMBER
Classification number 005.12HOF
100 1# - MAIN ENTRY--PERSONAL NAME
Personal name Hoffer, Jeffrey A.
245 10 - TITLE STATEMENT
Title Modern Systems Analysis and Design
260 ## - PUBLICATION, DISTRIBUTION, ETC. (IMPRINT)
Place of publication, distribution, etc Menlo Park CA
Name of publisher, distributor, etc Benjamin-Cummings Pub Co,
Date of publication, distribution, etc 1996.
300 ## - PHYSICAL DESCRIPTION
Extent XXXII,896 p. ;
650 ## - SUBJECT ADDED ENTRY--TOPICAL TERM
Topical term or geographic name as entry element System analysis
-- System design
700 1# - ADDED ENTRY--PERSONAL NAME
Personal name George, Joey F.
700 1# - ADDED ENTRY--PERSONAL NAME
Personal name Valacich, Joseph S.
856 40 - ELECTRONIC LOCATION AND ACCESS
Uniform Resource Identifier <a href="http://10.10.170.122:8080/browse/book/1783">http://10.10.170.122:8080/browse/book/1783</a>
Link text Download eBook
942 ## - ADDED ENTRY ELEMENTS (KOHA)
Koha item type Books
Source of classification or shelving scheme Dewey Decimal Classification
Holdings
Withdrawn status Lost status Source of classification or shelving scheme Damaged status Not for loan Collection code Home library Current library Shelving location Date acquired Total Checkouts Full call number Barcode Date last seen Koha item type
    Dewey Decimal Classification     Reference Reference Section Reference Section Reference 21/05/2014   005.12 HOF (Shelf -12E) 25222 21/05/2014 Books